| 000 | 01197aam a2200397 4500 | ||
|---|---|---|---|
| 005 | 20250813154953.0 | ||
| 008 | 150624b2001 xxu||||| |||| 00| 0 spa d | ||
| 020 | _a8448131916 | ||
| 041 | _aESP | ||
| 082 | _a658.409.2 M379g | ||
| 100 |
_aMartín Fernández, Evaristo _926512 |
||
| 245 | _aGestión de instituciones educativas inteligentes: un manual para gestionar cualquier tipo de organización | ||
| 260 | _aEspaña | ||
| 260 | _bMcGraw-Hill | ||
| 260 | _c2001 | ||
| 300 | _a312 páginas | ||
| 490 | _aDirección y Administración de empresas | ||
| 650 | _aLIDERAZGO EJECUTIVO | ||
| 650 | _aPLANIFICACIÓN DE LA ESTRATEGIA | ||
| 650 | _aMÉTODO DE PLANIFICACIÓN HOSHIN | ||
| 650 | _aADMINISTRACIÓN DE EMPRESAS | ||
| 650 | _aORGANIZACIONES INTELIGENTES | ||
| 650 | _aVISIÓN | ||
| 650 | _aMISIÓN | ||
| 650 | _aVALORES | ||
| 650 | _aDIAGRAMAS | ||
| 650 | _aHISTOGRAMA | ||
| 650 | _aGRÁFICOS | ||
| 650 | _aDISEÑO DE EXPERIMENTOS | ||
| 650 | _aORGANIZACIONES | ||
| 650 | _aMEJORA CONTINUA | ||
| 650 | _aMODELO DEL BENCHMARKING | ||
| 650 | _aMODELO DE CAMP | ||
| 650 | _aADAPTACIÓN DEL MODELO A LAS NECESIDADES DE LA INSTITUCIÓN | ||
| 942 |
_cBK _2ddc |
||
| 999 |
_c1468 _d1468 |
||